Latein Endungen der o-Deklination (Neutrum) - Statistiken

Allgemein
  • Dieses Quiz wurde 105 mal gespielt
  • Das Durchschnittsergebnis liegt bei 6 aus 10
Antwortstatistiken
Kasus Endung % Korrekt
Genitiv I
90%
Nominativ Um
90%
Dativ O
76%
Akkusativ Um
74%
Ablativ O
67%
Nominativ A
55%
Genitiv Orum
43%
Dativ Is
29%
Akkusativ A
21%
Ablativ Is
19%
Keine übereinstimmenden Quizze gefunden
Verteilung der Resultate
Anzahl Personen mit jedem Resultat
Perzentil nach korrekt beantworteten Fragen
Ihre Resultats-Entwicklung
Sie haben dieses Quiz noch nicht gespielt